000 00691cam a2200193 i 4500
005 20251108175153.0
008 250721s2013 ua a gr 000 0 ara d
020 _a9789775029416
082 1 4 _a004
_bع ز ب
100 1 _aعزب، عزب محمد
_eمؤلف.
245 1 0 _aالبسيط في مقدمة الكمبيوتر oracle pl- sql /
_cمهندس عزب محمد عزب.
250 _aالطبعة الاولى.
264 1 _aالقاهرة :
_bدار الكتب العلمية للنشر والتوزيع،
_c2013.
300 _a207 صفحة.
650 1 7 _aالحواسيب.
650 1 7 _aبرامج الحواسيب.
942 _2ddc
_cBK
999 _c127837
_d127837